• 首页
  • 本馆介绍
  • 公告通知
  • 最新文献
  • 馆藏检索
  • 电子资源
  • 读者荐购
  • 参考咨询
  • CALIS
  • 我的图书馆
  • 登录
  • 详细信息显示
  • 放入我的书架
  • 预约/预借图书
  • 作者相关作品
  • 分类相关作品
  • 丛书相关作品
  • 出版社相关作品

书目信息

  • 表格格式
  • 工作单格式
  • 卡片格式
题名:
包青天奇案
    
 
作者: 无名氏 撰
分册:  
出版信息: 长沙   岳麓书社  1994.07
页数: 297页
开本: 32开
丛书名:
单 册:
中图分类: I242.1
科图分类:
主题词: 小说--中国
电子资源:
ISBN: 7-80520-507-8
 
 
 
 
 
000 00540nam0 2200193 45
001 0010241999
005 20001024194508.9
010    @a7-80520-507-8@d7.00元
100    @a20001024d1994 km y0chiy0120 ea
101 0  @achi
105    @a z 000yy
200 1  @a包青天奇案@ABao Qing Tian Qi An@f(明)无名氏撰@F(Ming)Wu Ming Shi Zhuan
210    @a长沙@c岳麓书社@d1994.07
215    @a297页@d32开
606 0  @a小说@x中国
690    @aI242.1@v3
701  0 @a无名氏@4撰
801    @aCN@bPftUser@c20001024
905    @b187177-181@dI242.1@eW788@f5
    
    包青天奇案/(明)无名氏撰.-长沙:岳麓书社,1994.07
    297页;32开
    
    
    ISBN 7-80520-507-8:7.00元
    
●
相关链接 在E读中查询图书 在当当中查询图书 在豆瓣中查询图书


正题名:包青天奇案     索取号:I242.1/W788         预约/预借

序号 登录号 条形码 馆藏地/架位号 状态 备注
1 187177   201871778   文学库108/108文学库 21排3列5层/ [索取号:I242.1/W788] 在馆    
2 187178   201871787   社科二线400B/400B社科库 15排4列3层/ [索取号:I242.1/W788] 在馆    
3 187179   201871796   文学库108/108文学库 21排3列5层/ [索取号:I242.1/W788] 在馆    
4 187180   201871803   社科二线400B/400B社科库 14排1列2层/ [索取号:I242.1/W788] 在馆    
5 187181   201871812   社科二线400B/400B社科库 14排1列2层/ [索取号:I242.1/W788] 在馆    
河南城建学院图书馆 欢迎您!
大连网信软件有限公司© 版权所有